Statistics for F1 drivers

Click here to take the quiz!

General Stats

  • This quiz has been taken 16 times
  • The average score is 14 of 20

Answer Stats

Answer% Correct
Daniel Ricciardo
87%
Lewis Hamilton
87%
Michael Schumacher
87%
Ayrton Senna
80%
Carlos Sainz
80%
Charles Leclerc
80%
Fernando Alonso
80%
Max Verstappen
80%
Niki Lauda
80%
Alain Prost
73%
Pierre Gasly
73%
Sebastian Vettel
73%
Sergio Perez
73%
Esteban Ocon
67%
Lando Norris
67%
Valtteri Bottas
67%
Yuki Tsunoda
67%
Jules Bianchi
60%
Romain Grosjean
53%
Clay Regazzoni
13%

Score Distribution

Percentile by Number Answered

Percent of People with Each Score

Your Score History

You have not taken this quiz